[Event "Toronto NAYCC U10"]
[Site "Toronto"]
[Date "2013.08.16"]
[Round "4"]
[White "Mocanu, Alexander"]
[Black "Ceastov, Denis"]
[Result "1-0"]
[WhiteElo "884"]
[BlackElo "248"]
[PlyCount "25"]
[EventDate "2013.08.14"]
[EventType "swiss"]
[EventRounds "9"]
[EventCountry "CAN"]
[SourceTitle "EXT 2022"]
[Source "ChessBase"]
[SourceDate "2021.10.06"]
[SourceVersion "1"]
[SourceVersionDate "2021.10.06"]
[SourceQuality "1"]

1. e4 e5 2. Nf3 Nc6 3. Nc3 Bc5 4. Bc4 d6 5. d3 Bg4 6. Be3 Bb4 7. 0-0 Bxf3 8. Qxf3 Nd4 9. Bxd4 exd4 10. Ne2 c5 11. c3 Ba5 12. cxd4 Rc8 13. Qxf7# 1-0